| 000 | 00506nam a2200169 a 4500 | ||
|---|---|---|---|
| 001 | 000025385 | ||
| 005 | 20200930023742.0 | ||
| 008 | 110215s1967 sp a r 000 0 spa d | ||
| 040 |
_aDO-SdBNP _bspa _cBNPHU |
||
| 082 |
_axxxxx _bR758di |
||
| 100 | 1 |
_aRomán Nieto, Juan Bautista _951975 |
|
| 245 | 1 | 0 |
_aDibujo industrial / _cJuan Bautista Román Nieto. |
| 260 |
_aLeon, España : _bEverest, _c1967. |
||
| 300 |
_a215 p. : _bil. ; _c27 cm. |
||
| 500 | _aIncluye notas al pie de las páginas. | ||
| 049 | _aBNGR | ||
| 999 |
_c24877 _d24877 |
||